| 000 | 00000nas##2200000za#4500 |
|---|---|
| 001 | 9.507898 |
| 003 | CaOODSP |
| 005 | 20231208112815 |
| 007 | cr ||||||||||| |
| 008 | 150406c2012||||xxc|| m o||||f| |0eng|d |
| 040 | |aCaOODSP|beng |
| 043 | |an-cn--- |
| 086 | 1 |aPS83-7E-PDF |
| 110 | 1 |aCorrectional Service Canada. |bResearch Branch. |
| 245 | 10|aExternal research summary |h[electronic resource] |
| 260 | |aOttawa - Ontario : |bCorrectional Service Canada. |cJuly 2012 -. |
| 310 | |aIrregular |
| 362 | 1 |aNo. 12-01 -- |
| 775 | 08|tSommaire de recherche externe |w(CaOODSP)9.504283 |